000 01196cam a22003614a 4500
001 13917891
003 LC
005 20160330094955.0
008 050401s2004 nyu c 000 1 eng
010 _a 2005272499
020 _a9780439543422
020 _a0439543428
040 _aDLC
_cDLC
041 1 _aeng
_hger
042 _alcac
050 0 0 _aPZ 7
_b.F96624Dr 2004
082 0 0 _aFIC
_b F96d 2004
100 1 _aFunke, Cornelia Caroline.
_917287
240 1 0 _aDrachenreiter.
_lEnglish
245 1 0 _aDragon rider /
_cCornelia Funke ; translated by Anthea Bell.
250 _a1st American ed.
260 _aNew York :
_bChicken House/Scholastic,
_c2004
300 _a523 p. ;
_c21 cm.
546 _a+
650 1 _aFantasy.
_93293
650 1 _aDragons
_vFiction.
_918271
650 1 _aAnimals, Mythical
_vFiction.
_918272
700 1 _aBell, Anthea.
_917421
906 _a7
_bcbc
_corignew
_d2
_encip
_f20
_gy-gencatlg
942 _2lcc
_cBK
999 _c10928
_d10928